|
|
|
|
| LEADER |
00000nla2a2200000 4500 |
| 001 |
223536 |
| 005 |
20240206125134.0 |
| 035 |
|
|
|a (RuTPU)RU\TPU\book\243796
|
| 035 |
|
|
|a RU\TPU\book\243783
|
| 090 |
|
|
|a 223536
|
| 100 |
|
|
|a 20121012d2011 k y0rusy50 ca
|
| 101 |
0 |
|
|a rus
|
| 102 |
|
|
|a RU
|
| 105 |
|
|
|a y z 101zy
|
| 135 |
|
|
|a drnn ---uucaa
|
| 181 |
|
0 |
|a i
|
| 182 |
|
0 |
|a b
|
| 200 |
1 |
|
|a Расчет реактора плазменного генератора тепла
|f А. А. Каренгин, А. Г. Каренгин, А. Д. Побережников
|
| 203 |
|
|
|a Текст
|c электронный
|
| 215 |
|
|
|a 1 файл (544 Кб)
|
| 300 |
|
|
|a Заглавие с титульного листа
|
| 300 |
|
|
|a Электронная версия печатной публикации
|
| 337 |
|
|
|a Adobe Reader
|
| 463 |
|
1 |
|0 (RuTPU)RU\TPU\book\241205
|t Энергетика: эффективность, надёжность, безопасность
|o материалы XVII Всероссийской научно-технической конференции, Томск, 7-9 декабря 2011 г.
|f Национальный исследовательский Томский политехнический университет (ТПУ)
|v [С. 203-207]
|d 2011
|
| 610 |
1 |
|
|a плазменные двигатели
|
| 610 |
1 |
|
|a генераторы
|
| 610 |
1 |
|
|a расчет
|
| 610 |
1 |
|
|a тепло
|
| 610 |
1 |
|
|a тепловая энергия
|
| 610 |
1 |
|
|a нефтяные отходы
|
| 610 |
1 |
|
|a электронный ресурс
|
| 610 |
1 |
|
|a труды учёных ТПУ
|
| 700 |
|
1 |
|a Каренгин
|b А. А.
|
| 701 |
|
1 |
|a Каренгин
|b А. Г.
|c физик
|c доцент Томского политехнического университета, кандидат физико-математических наук
|f 1950-
|g Александр Григорьевич
|3 (RuTPU)RU\TPU\pers\24286
|9 10751
|
| 701 |
|
1 |
|a Побережников
|b А. Д.
|c физик
|c старший преподаватель Томского политехнического университета
|f 1981-
|g Андрей Дмитриевич
|3 (RuTPU)RU\TPU\pers\28048
|9 13011
|
| 801 |
|
1 |
|a RU
|b 63413507
|c 20120926
|
| 801 |
|
2 |
|a RU
|b 63413507
|c 20121012
|g RCR
|
| 856 |
4 |
|
|u http://www.lib.tpu.ru/fulltext/v/Conferences/2011/K06/116078.pdf
|
| 942 |
|
|
|c CF
|